000 02290cam a2200589 c 4500
001 330398040
003 DE-627
005 20250522125516.0
007 tu
008 010613s2000 gw ||||| 00| ||ger c
015 _a01,B26,0623
_2dnb
016 7 _a961576235
_2DE-101
020 _a3928990756
_cspiralgeh.
035 _a(DE-627)330398040
035 _a(DE-576)091258227
035 _a(DE-599)GBV330398040
035 _a(OCoLC)248287822
035 _a(OCoLC)60348873
040 _aDE-627
_bger
_cDE-627
_erakwb
_dDE-2950
041 _ager
044 _cXA-DE
050 0 _aDD901.H62
084 _a61
_a63
_a44
_2sdnb
084 _aLK 35750
_2rvk
_0(DE-625)rvk/97802:
084 _aNR 6073
_2rvk
_0(DE-625)rvk/129519:
084 _a03
_2bwlb
084 _a15.55
_2bkl
084 _a21.73
_2bkl
245 0 0 _aHeilbronn 3-dimensional:
_bStadtperspektiven im Wandel/
_cStadtarchiv Heilbronn. Christhard Schrenk (Hg.). Mit 3-D-Aufn. und einem Textbeitr. von Manfred Kirschner
246 3 0 _adreidimensional
246 3 0 _aHeilbronn dreidimensional
264 1 _aHeilbronn:
_bStadtarchiv,
_c2000
300 _a104 S
_büberw. Ill
_c25 x 32 cm
_eBeil. (eine 3-D-Brille)
336 _aunbewegtes Bild
_bsti
_2rdacontent
337 _aohne Hilfsmittel zu benutzen
_bn
_2rdamedia
338 _aBand
_bnc
_2rdacarrier
490 1 _aVeröffentlichungen des Archivs der Stadt Heilbronn
_v41
583 1 _aArchivierung/Langzeitarchivierung gewährleistet
_fPEBW
_2pdager
_5DE-24
651 7 _0(DE-588)4024025-3
_0(DE-627)106300652
_0(DE-576)208952764
_aHeilbronn
_2gnd
653 0 _aHeilbronn (Germany)
_aPictorial works
653 0 _aHeilbronn (Germany)
_aPictorial works
_aBuildings, structures, etc
655 7 _aBildband
_0(DE-588)4145395-5
_0(DE-627)104450835
_0(DE-576)209741139
_2gnd-content
700 1 _aSchrenk, Christhard
_d1958-
_eHrsg.
_0(DE-588)135112206
_0(DE-627)576325139
_0(DE-576)300477392
_4edt
700 1 _aKirschner, Manfred
_d1946-
_eIll.
_0(DE-588)125586382X
_0(DE-627)1800038585
_4ill
810 2 _aStadtarchiv Heilbronn
_tVeröffentlichungen des Archivs der Stadt Heilbronn
_v41
_941
_w(DE-627)130114596
_w(DE-576)015645088
_w(DE-600)504306-2
_7am
936 r v _aLK 35750
936 r v _aNR 6073
936 b k _a15.55
936 b k _a21.73
942 _2z
_cB
951 _aBO
999 _c373783
_d373783